|
|
|
|
| LEADER |
00000nam a2200000 a 4500 |
| 003 |
AR-BeUNQ |
| 005 |
20200203120058.0 |
| 008 |
190913s2019 xx be f m 000 0 spa d |
| 999 |
|
|
|c 31242
|d 115042
|
| 040 |
|
|
|a AR-BeUNQ
|b spa
|e aacr
|
| 082 |
0 |
4 |
|2 21
|a 647.94
|
| 100 |
1 |
|
|9 1678
|a Zanchetti, Walter Javier
|
| 245 |
1 |
0 |
|a Análisis del impacto de la gestión ambiental sobre la productividad :
|b el caso de hoteles 5 estrellas en la Ciudad Autónoma de Buenos Aires, Argentina /
|c Walter Javier Zanchetti.
|
| 260 |
|
|
|c 2019.
|
| 300 |
|
|
|a 74 h. :
|b il., tablas, mapas, planos ;
|c 30 cm.
|
| 500 |
|
|
|a Trabajo final integrador presentado para la obtención del grado de Especialización en Desarrollo y Gestión del Turismo.
|
| 500 |
|
|
|a Director de trabajo final integrador: Dr. Sergio Paz.
|
| 502 |
|
|
|a Trabajo final integrador (especialización) -- Universidad Nacional de Quilmes, 2019
|
| 504 |
|
|
|a Bibliografía: h. 59-64.
|
| 530 |
|
|
|a También disponible en versión pdf en el Repositorio Digital de Acceso Abierto RIDAA-UNQ.
|u https://ridaa.unq.edu.ar/handle/20.500.11807/1655
|
| 594 |
|
|
|a ESPECIALIZACION EN DESARROLLO Y GESTION DEL TURISMO
|
| 650 |
|
7 |
|a Hoteles
|2 spines
|
| 650 |
|
7 |
|a Gestión ambiental
|2 toit
|
| 650 |
|
7 |
|a Productividad
|2 toit
|
| 650 |
|
7 |
|a Desarrollo sostenible
|2 toit
|
| 651 |
|
4 |
|a Buenos Aires (Ciudad)
|
| 655 |
|
4 |
|a Trabajo final integrador
|
| 700 |
1 |
|
|4 ths
|9 1677
|a Paz, Sergio
|e director de trabajo final integrador
|
| 710 |
2 |
|
|4 dgg
|a Universidad Nacional de Quilmes,
|e institución otorgante del título
|
| 856 |
4 |
1 |
|u https://ridaa.unq.edu.ar/handle/20.500.11807/1655
|
| 929 |
|
|
|a DONACION
|b Walter Javier Zanchetti
|d 80,00
|e 20190614
|f PAT0073114
|g 3488
|h 1
|j 58434
|
| 942 |
|
|
|c TFI
|n 0
|